| LEADER |
01046ngm0a2200229 450 |
| 001 |
16816882 |
| 100 |
|
|
|a 20120705d2011 u u0frey01 ba
|
| 101 |
1 |
|
|a fre
|c fre
|
| 102 |
|
|
|a FR
|
| 200 |
0 |
|
|a Zarafa
|f Jean-Christophe Lie, Rémi Bezancon, réal.
|g Alexander Abela, Rémi Bezancon, scénario - Laurent Perez Del mar, comp.
|
| 207 |
|
1 |
|a
|
| 210 |
|
|
|a France
|c Pathé
|d 2011
|
| 215 |
|
|
|a 1 DVD vidéo monoface zone 2 (1 h 15 min)
|c 16/9, coul. (PAL), son. (Dolby digital 5.1)
|
| 300 |
|
|
|a Langues principales : français;
|
| 330 |
|
|
|a L'arrivée de la première girafe en France, cadeau du pacha d'Egypte au roi de France Charles X, accompagnée d'un petit garçon débrouillard. Un voyage initiatique au contexte historique et géographique riche.
|
| 700 |
|
0 |
|a Bezancon
|b Rémi
|4 370
|
| 701 |
|
0 |
|a Lie
|b Jean-Christophe
|4 370
|
| 702 |
|
0 |
|a Abela
|b Alexander
|4 690
|
| 702 |
|
0 |
|a Perez Del mar
|b Laurent
|4 230
|
| 900 |
|
|
|a Film
|
| 901 |
|
|
|a Accessible au prêt
|
| 995 |
|
|
|a Bibliothèque
|c Bibliothèque
|f 024015082
|h 024015082
|k EA BEZ
|o p
|q a
|r gd
|e Bibliothèque
|